Представление документа в формате MARC21

Поле Инд. ПП Название Значение
Тип записи a
Библиографический уровень m
001 Контрольный номер RU/LIBMSTU/375976078
005 Дата корректировки 20140923120400.7
008 Кодируемые данные 111201|||||||||ru |||||||||||000|||rus||
020 a ISBN 978-5-86185-597-6
040 b Код языка каталог. rus
041 a Код языка текста rus
084 a Индекс другой классификации/Индекс ББК 60.54+74.480.4
090 a Полочн. индекс 60.5
x Авторский знак Н 42
100 1_ a Автор Недосека Е. В.
110 2_ a Организация/ юрисдикция Мурманский государственный технический университет
245 10 a Заглавие Особенности социальной адаптации студентов в вузе
b Продолж. заглавия монография
c Ответственность Федер. агентство по рыболовству, ФГБОУ ВПО "Мурман. гос. техн. ун-т"
260 a Место издания Мурманск
b Издательство Изд-во МГТУ
c Дата издания 2011
300 a Объем 126 с.
b Иллюстрации/ тип воспроизводства ил.
504 a Библиография Библиогр.: с. 103-112
650 a Основная рубрика Студенты-Социальная адаптация
653 a Ключевые слова Монографии
a Ключевые слова Подготовка специалистов; Профессиональная деятельность; Социальная адаптация; Студенты; Студенты экономических специальностей
901 t Тип документа m
952 c Вид литературы монография